000 00505nam a2200217Ia 4500
005 20250425162134.0
008 250425s9999 xx 000 0 und d
020 _a0.12.237485.1
041 _aeng
082 _a597.024
100 _aELLIS, A. E.
245 0 _aFISH VACCINATION
250 _aS.E.
260 _aEstados Unidos
_bACADEMIA PRESS
_c1988
260 _aNEW YORK
300 _a255
650 _aPECES-ANTIBIOTICOS
650 _aPECES-ENFERMEDADES
942 _c01
010 _a52399
999 _c223090
_d223090